2024明治安田J1リーグベストイレブン - Statistics

General Stats
  • This quiz has been taken 72 times
  • The average score is 3 of 11
Answers on the Grid
Answers color-coded by a green-red scale on the quiz's grid according to % correct below.
谷 晃生/FC町田ゼルビア
一森 純/ガンバ大阪
大迫 敬介/サンフレッチェ広島
ランゲラック/名古屋グランパス
前川 黛也/ヴィッセル神戸
濃野 公人/鹿島アントラーズ
高井 幸大/川崎フロンターレ
酒井 高徳/ヴィッセル神戸
山川 哲史/ヴィッセル神戸
佐々木 翔/サンフレッチェ広島
昌子 源/FC町田ゼルビア
中谷 進之介/ガンバ大阪
マテウス トゥーレル/ヴィッセル神戸
荒木 隼人/サンフレッチェ広島
中野 就斗/サンフレッチェ広島
マテウス サヴィオ/柏レイソル
田中 聡/湘南ベルマーレ
扇原 貴宏/ヴィッセル神戸
松本 泰志/サンフレッチェ広島
脇坂 泰斗/川崎フロンターレ
井手口 陽介/ヴィッセル神戸
東 俊希/サンフレッチェ広島
鈴木 優磨/鹿島アントラーズ
山田 新/川崎フロンターレ
ヤン マテウス/横浜Fマリノス
ウェルトン/ガンバ大阪
レオ セアラ/セレッソ大阪
宮代 大聖/ヴィッセル神戸
知念 慶/鹿島アントラーズ
アンデルソン ロペス/横浜Fマリノス
ジャーメイン 良/ジュビロ磐田
宇佐美 貴史/ガンバ大阪
大迫 勇也/ヴィッセル神戸
武藤 嘉紀/ヴィッセル神戸
 
Answer Stats
Answer % Correct
武藤 嘉紀/ヴィッセル神戸
47%
大迫 敬介/サンフレッチェ広島
45%
大迫 勇也/ヴィッセル神戸
38%
宇佐美 貴史/ガンバ大阪
32%
マテウス サヴィオ/柏レイソル
30%
中谷 進之介/ガンバ大阪
28%
濃野 公人/鹿島アントラーズ
26%
マテウス トゥーレル/ヴィッセル神戸
26%
アンデルソン ロペス/横浜Fマリノス
26%
知念 慶/鹿島アントラーズ
23%
佐々木 翔/サンフレッチェ広島
15%
No matching quizzes found
Score Distribution
Percent of People with Each Score
Percentile by Number Answered
Your Score History
You have not taken this quiz